000 00502nam a22001817a 4500
005 20171212150251.0
010 _aENG-121853
020 _a9788192990743
_c200.00
035 _aEN-105385
037 _bDBAD/PUB
082 _a154.632
100 _aSaxena, Utkarsh
245 _aLucky dreams /
_cby Utkarsh Saxena
260 _aNew Delhi
_bNBD Books
_c2015
270 _a407, GH-8,Pashim Vihar
_bNew Delhi
_e110087
300 _a115p.
_c22cm(pbk)
942 _2ddc
_cEN
_h154.632
_mSAX
999 _c147964
_d147964